Cognitive behavioural therapy for dummies / (Record no. 42866)
[ view plain ]
| 000 -LEADER | |
|---|---|
| fixed length control field | 00810cam a2200241 a 4500 |
| 001 - CONTROL NUMBER | |
| control field | vtls003028690 |
| 003 - CONTROL NUMBER IDENTIFIER | |
| control field | MY-SjTCS |
| 005 - DATE AND TIME OF LATEST TRANSACTION | |
| control field | 20200306163519.0 |
| 008 - FIXED-LENGTH DATA ELEMENTS--GENERAL INFORMATION | |
| fixed length control field | 110218s2006 enka 001 0 eng d |
| 020 ## - INTERNATIONAL STANDARD BOOK NUMBER | |
| International Standard Book Number | 0470018380 (pbk.) |
| 039 #9 - LEVEL OF BIBLIOGRAPHIC CONTROL AND CODING DETAIL [OBSOLETE] | |
| Level of rules in bibliographic description | 201904221201 |
| Level of effort used to assign nonsubject heading access points | shuhada |
| Level of effort used to assign subject headings | 201102181350 |
| Level of effort used to assign classification | VLOAD |
| Level of effort used to assign subject headings | 200607251851 |
| Level of effort used to assign classification | chon ling |
| Level of effort used to assign subject headings | 200606161026 |
| Level of effort used to assign classification | shah_rol |
| -- | 200606161017 |
| -- | shah_rol |
| 082 04 - DEWEY DECIMAL CLASSIFICATION NUMBER | |
| Classification number | 616.89142 |
| Item number | WIL |
| 100 1# - MAIN ENTRY--PERSONAL NAME | |
| Personal name | Willson, Rob. |
| 9 (RLIN) | 234886 |
| 245 10 - TITLE STATEMENT | |
| Title | Cognitive behavioural therapy for dummies / |
| Statement of responsibility, etc. | Rob Willson, Rhena Branch. |
| 260 ## - PUBLICATION, DISTRIBUTION, ETC. | |
| Place of publication, distribution, etc. | Chichester : |
| Name of publisher, distributor, etc. | John Wiley, |
| Date of publication, distribution, etc. | 2006. |
| 300 ## - PHYSICAL DESCRIPTION | |
| Extent | xviii, 330 p. : |
| Other physical details | ill. ; |
| Dimensions | 24 cm. |
| 490 1# - SERIES STATEMENT | |
| Series statement | --For dummies |
| 500 ## - GENERAL NOTE | |
| General note | Includes index. |
| 650 #0 - SUBJECT ADDED ENTRY--TOPICAL TERM | |
| Topical term or geographic name entry element | Cognitive therapy. |
| 9 (RLIN) | 21943 |
| 700 1# - ADDED ENTRY--PERSONAL NAME | |
| Personal name | Branch, Rhena. |
| 9 (RLIN) | 21944 |
| 830 #0 - SERIES ADDED ENTRY--UNIFORM TITLE | |
| Uniform title | --For dummies |
| 9 (RLIN) | 2316 |
| 920 ## - Programme | |
| Programme | ADP : 97948 |
| Withdrawn status | Lost status | Source of classification or shelving scheme | Damaged status | Not for loan | Home library | Current library | Date acquired | Total Checkouts | Total Renewals | Barcode | Date last seen | Date last checked out | Copy number | Uniform Resource Identifier | Koha item type | Public note |
|---|---|---|---|---|---|---|---|---|---|---|---|---|---|---|---|---|
| Dewey Decimal Classification | Taylor's Library-TU | Taylor's Library-TU | 16/06/2006 | 18 | 2 | 5000004555 | 15/05/2026 | 05/05/2026 | 1 | Floor 4, Shelf 18 , Side 2, TierNo 1, BayNo 4 | Main Collection | SLASx,05000,03,GR |